[Event "Dubinin mem corr"]
[Site "RCCA corr"]
[Date "2005.??.??"]
[Round "?"]
[White "Donskikh, Yury Fedorovich"]
[Black "Kovernikov, Boris Nikolaevich"]
[Result "1/2-1/2"]
[WhiteElo "2447"]
[BlackElo "2411"]
[PlyCount "96"]
[EventDate "1999.06.30"]
[EventType "tourn (corr)"]
[EventRounds "10"]
[EventCountry "RUS"]
[SourceTitle "Corr 2008"]
[Source "ChessBase"]
[SourceDate "2008.06.24"]
[SourceVersion "1"]
[SourceVersionDate "2008.06.24"]
[SourceQuality "1"]

1. e4 e5 2. Nf3 Nc6 3. Nc3 Nf6 4. g3 d5 5. exd5 Nxd5 6. Bg2 Nxc3 7. bxc3 Bc5 8. 0-0 0-0 9. Re1 Re8 10. d4 Bg4 11. dxc5 Qxd1 12. Rxd1 e4 13. Bf4 exf3 14. h3 Bh5 15. Bh1 Ne5 16. Re1 f6 17. Bxe5 Rxe5 18. Rxe5 fxe5 19. g4 Bg6 20. Bxf3 e4 21. Be2 Rd8 22. Kf1 Kf8 23. Rb1 b6 24. Ke1 Ke7 25. Rb4 Rd5 26. cxb6 axb6 27. h4 h6 28. Rd4 Rd6 29. Ra4 Kf6 30. Rc4 c5 31. Ra4 Bh7 32. Ra7 Bg8 33. a4 Be6 34. a5 bxa5 35. Rxa5 Rc6 36. Kd2 g5 37. h5 Ke5 38. Ke3 Rc7 39. Ra8 Rc8 40. Ra4 Bd5 41. Ra7 Rf8 42. Ra5 Rc8 43. Bf1 Be6 44. Ra4 Bd5 45. Ra7 Rf8 46. Be2 Rc8 47. c4 Bc6 48. c3 Rf8 1/2-1/2

[Event "Dubinin mem corr"]
[Site "RCCA corr"]
[Date "2005.??.??"]
[Round "?"]
[White "Kovernikov, Boris Nikolaevich"]
[Black "Zaitsev, Vladimir Ivanovich"]
[Result "1-0"]
[WhiteElo "2411"]
[BlackElo "2298"]
[PlyCount "49"]
[EventDate "1999.06.30"]
[EventType "tourn (corr)"]
[EventRounds "10"]
[EventCountry "RUS"]
[SourceTitle "Corr 2008"]
[Source "ChessBase"]
[SourceDate "2008.06.24"]
[SourceVersion "1"]
[SourceVersionDate "2008.06.24"]
[SourceQuality "1"]

1. d4 g6 2. c4 Bg7 3. Nc3 Nf6 4. e4 d6 5. Nf3 0-0 6. Be2 Bg4 7. Be3 Nfd7 8. Rc1 e5 9. d5 f5 10. h3 Bxf3 11. Bxf3 a5 12. a3 Na6 13. Rb1 f4 14. Bd2 h5 15. b4 axb4 16. axb4 Rf7 17. 0-0 Bf8 18. Qc2 Nf6 19. Be2 g5 20. Qd1 Rh7 21. f3 Be7 22. Qb3 Kh8 23. Nd1 g4 24. Nf2 gxh3 25. Nxh3 1-0